01849 a2200217 45000010006000000050017000060080041000230030015000640400040000790800041001192450035001600200022001952640033002173000019002505051197002690410008014661000021014747000019014957000018015148560099015324811020260407155747.0260407a2007 arg spa dAR-UNSa-BCEJYS aAR-UNSa-BCEJYSbspacAR-UNSa-BCEJYS a512.64xAlgebra lineal y multilineal10aÁlgebra y geometría lineal a978-84-291-5038-4 1aBarcelona :bRevertéc2007 a508 p.c24 cm. a1. Vectores libres - 2. Espacios vectoriales - 3. Subespacios vectoriales - 4. Sistemas generadores - 5. Espacios de generación finita - 6. Aplicaciones lineales - 7. Suma directa - 8. Dimensión y codimensión de subespacios - 9. Espacios cociente - 10. Subespacios y aplicaciones afines - 11. Matrices y sus operaciones - 12. Rango de una matriz - 13. Determinantes - 14. Aplicaciones lineales en dimensión finita - 15. Sistemas lineales - 16. Dualidad - 17. Trasposición de aplicaciones lineales - 18. Cambios de bases - 19. Equivalencia y semejanza de matrices - 20. Clasificación de endomorfismos lineales. Preliminares - 21. Autovalores y autovectores de un endomorfismo lineal - 22. Triangularización y diagonalización de endomorfismos - 23. Polinomio mínimo de un endomorfismo - 24. Descomposición primaria - 25. Introducción a las formas de Jordán - 26. Endomorfismos nilpotentes - 27. El Teorema de Jordán - 28. Espacios vectoriales complejos - 29. Endomorfismos de espacios reales - 30. Espacios afines - 31. Coordenadas en espacios afines - 32. Aplicaciones afines - 33. El grupo afín. Cambio de coordenadas - 34. Simetrías, traslaciones y homotecias. aspa1 aRíder, Alfonso1 aRaya, Andrés1 aRubio, Rafael41uhttps://www.biblioeco.unsa.edu.ar/pmb/images/libros/L127853.jpgyImagen de portadaqimage/jpeg